01127cam a22003494i 4500003000900000005001700009008004100026035002000067040003300087082002000120100003300140245006900173264004000242300005800282336002100340337002500361338002300386505023400409526000900643526000900652526000900661526000900670526000900679526000900688526000800697526000800705526000800713526000800721526000800729526000800737650003200745PE-LiUPU20250731184515.0170503s1948 gw a r 000 0 eng d a(Sirsi) a167507 aPE-LiUPUbspacPE-LiUPUerda04a973.26bB332201 aBeard, Mary Ritter.,eautor.12aHistory of the United StatescMary Ritter-Beard ; Charles Beard. 1aBremenbEurop. Hochsch.-Verl.c1948 aXIII 547 páginas :bilustraciones ;c20 centimetros atext2rdacontent aunmediated2rdamedia avolume2rdacarrier0 aThe colonial period -- Conflict and indeoendence -- The union and national life -- The west and jacksonian democracy -- Democracy and conflict -- National growth and world politics -- Progressive democracy and foreign relations. aP136 aP135 aP134 aP133 aP144 aP143 aP87 aP35 aP20 aP14 aP10 aP0604aHistoria de Estados Unidos.